Objektově orientované programování : cvičení /

Hlavní autor: Kokeš, Josef, 1952-
Korporativní autor: České vysoké učení technické v Praze. Strojní fakulta
Jazyk: Čeština
Vydáno: Praha : Nakladatelství ČVUT, 2008
Vydání: Vyd. 1.
Témata:
Fyzický popis: 131 s. : il. ; 30 cm
Knihy
Uloženo v:
LEADER 01734nam a2200457 a 4500
001 nkc20071779556
003 CZ PrNK
005 20080423154653.0
007 ta
008 071119s2008 xr a e p 001 0 cze
015 |a cnb001779556 
020 |a 978-80-01-03935-9  |q (brož.) 
035 |a (OCoLC)228669032 
040 |a OLA001  |b cze  |d ABA001 
072 7 |a 004.4/.6  |x Programování. Software  |2 Konspekt  |9 23 
072 7 |a 37.016  |x Učební osnovy. Vyučovací předměty. Učebnice  |2 Konspekt  |9 22 
080 |a 004.42.045  |2 MRF 
080 |a (075.8)  |2 MRF 
080 |a (076.5)  |2 MRF 
100 1 |a Kokeš, Josef,  |d 1952-  |7 mzk2004258624  |4 aut 
245 1 0 |a Objektově orientované programování :  |b cvičení /  |c Josef Kokeš 
250 |a Vyd. 1. 
260 |a Praha :  |b Nakladatelství ČVUT,  |c 2008 
300 |a 131 s. :  |b il. ;  |c 30 cm 
500 |a Na obálce pod názvem: ČVUT v Praze, Fakulta strojní 
500 |a 100 výt. 
504 |a Obsahuje bibliografii a rejstřík 
550 |a Vydavatel: České vysoké učení technické v Praze 
650 0 7 |a objektově orientované programování  |7 ph115529  |2 czenas 
650 0 9 |a object-oriented programming  |2 eczenas 
655 7 |a učebnice vysokých škol  |7 fd133772  |2 czenas 
655 7 |a praktická cvičení  |7 fd133118  |2 czenas 
655 9 |a textbooks (higher)  |2 eczenas 
655 9 |a problems, exercises, etc  |2 eczenas 
710 2 |a České vysoké učení technické v Praze.  |b Strojní fakulta  |7 ko20010093670 
910 2 |a BOA001  |b 3-1198.629 
928 9 |a Česká technika - nakladatelství ČVUT 
990 |a BK 
995 |a 01 
991 |b 200802  |c NOV 
996 6 |b 2610333093  |c 3-1198.629  |l MZK  |r Sklad / do 1 hodiny  |n 0  |p p.v.  |w 000884344  |u 000010  |a 1  |e BOA001  |j MZK50  |s P